[Event "BCF-chT3E 2224 (4NCL)"]
[Site "England"]
[Date "2024.01.14"]
[Round "4.66"]
[White "De Coverly, Roger D"]
[Black "Norris, Zack"]
[Result "1/2-1/2"]
[WhiteElo "1982"]
[BlackElo "1608"]
[PlyCount "70"]
[EventDate "2023.11.11"]
[EventType "team-tourn"]
[EventRounds "11"]
[EventCountry "ENG"]
[SourceTitle "CB11_2024"]
[SourceDate "2024.03.13"]
[SourceVersion "1"]
[SourceVersionDate "2024.03.13"]
[SourceQuality "1"]
[WhiteTeam "Wessex"]
[BlackTeam "Wotton Hall"]
[WhiteTeamCountry "ENG"]
[BlackTeamCountry "ENG"]

1. e4 e5 2. Nf3 Nc6 3. Bb5 Nf6 4. 0-0 d6 5. d3 Be7 6. c3 0-0 7. h3 a6 8. Ba4 b5 9. Bc2 d5 10. Qe2 dxe4 11. dxe4 Be6 12. Rd1 Qc8 13. b3 Qb7 14. Ng5 Bd7 15. Be3 h6 16. Nf3 Rfd8 17. Nbd2 Be6 18. Re1 Rd7 19. Nf1 Rad8 20. Ng3 Bd6 21. Rad1 Ne7 22. Nh2 c5 23. Qf3 Kh7 24. Ng4 Nfg8 25. Qe2 g6 26. Bc1 Nc6 27. Nf5 Bf8 28. Nfe3 Rxd1 29. Rxd1 Rxd1+ 30. Qxd1 h5 31. Nh2 Qd7 32. Nf3 Qxd1+ 33. Bxd1 Bh6 34. h4 f6 35. Bd2 Nge7 1/2-1/2